|
|
|
|
| LEADER |
00758nam a22002172a 4500 |
| 001 |
000447254 |
| 003 |
CZ BrMZK |
| 005 |
20051223120815.0 |
| 008 |
990307s1979 gw f ger d |
| 040 |
|
|
|a BOA001
|b cze
|
| 100 |
1 |
|
|a Backe, Hans,
|c elektrotechnik
|
| 245 |
1 |
0 |
|a Elektrotechnik und Elektronik selbst erlebt /
|c Hans Backe, Lothar König
|
| 250 |
|
|
|a 1. Aufl.
|
| 260 |
|
|
|a Leipzig :
|b Urania-Verlag,
|c 1979
|
| 300 |
|
|
|a 253 s.
|
| 700 |
1 |
|
|a König, Lothar
|
| 910 |
|
|
|a BOA001
|b PK-0087.079
|
| 964 |
|
|
|a Elektrotechnika - přístroje - výroba vlastní - příručky
|
| 964 |
|
|
|a Elektronika - přístroje - výroba vlastní - příručky
|
| 990 |
|
|
|a BK
|
| 996 |
7 |
|
|b 3119833892
|c PK-0087.079
|l MZK
|r Sklad / do 1 hodiny
|n 0
|w 000447254
|u 000010
|a 1
|e BOA001
|j MZK50
|s A
|